00736nam a22002057a 450000500170000001000150001702000260003203500140005803700340007208200130010610000280011924500510014725000060019826000390020427000680024330000210031194200270033299900190035995201520037820241008113055.0 aENG-141951 a9789353228606c600.00 aEN-125483 bDelivery of Book Act Division 21a158.1 aPatel, Anandiben972452 aI Will Ever Remember Them/cBy Anandiben Patel a1 aNew DelhibPrabhat Prakashanc2021 a4/19, Asaf Ali Road,bNew Delhie110002mprabhatbooks@gmail.com a160p. c18cm(hb) 2ddccENh158.1mPATe1 c206160d206160 001040708NFICaLbLd2024-10-08eDelivery of Books Act Divisiong600.00l0o158.1 PATpEN-125483r2024-10-08 00:00:00t1v600.00w2024-10-08yEN